| 000 | 00967nam a22002297a 4500 | ||
|---|---|---|---|
| 999 |
_c144852 _d144852 |
||
| 005 | 20181120111251.0 | ||
| 010 | _a1718EN-30 ENG-121732 | ||
| 020 |
_a9789385462474 _c1195.00 |
||
| 035 | _aEN-105264 | ||
| 035 | _aB-686863-865 | ||
| 037 |
_bAne Books _adpl |
||
| 037 | _bDBAD/PUB | ||
| 082 | _a630.2745 | ||
| 100 | _aBanerjee, Gangashar | ||
| 245 |
_aEconomics of sustainable agriculture and alternate production systems / _cby Gangadhar Banerjee [and] Srijeet Banerji |
||
| 260 |
_aNew Delhi _bAne Books _c2017 |
||
| 270 |
_a4821, Parwana Bhawan, Ist Floor, 24 Ansari Road, Daryaganj, _bNew Delhi _e110002 |
||
| 300 |
_axxii,214p. _c23cm(Hb) |
||
| 700 | _aBanerji, Srijeet | ||
| 942 |
_2ddc _cEN _mBAN _h630.2745 |
||